[Event "SC Groebenzell 1-SG Post/Sued Regensbur"]
[Site "?"]
[Date "2021.11.14"]
[Round "2.4"]
[White "Grawe, Christian"]
[Black "Hitzler, Philipp"]
[Result "1-0"]
[WhiteElo "2209"]
[BlackElo "2207"]
[PlyCount "167"]
[EventDate "2021.??.??"]
[WhiteTeam "SC Gröbenzell 1"]
[BlackTeam "SG Post/Süd Regensburg 1"]

1. e4 c6 2. d4 d5 3. e5 Bf5 4. Nf3 e6 5. Be2 Nd7 6. O-O Be7 7. c4 dxc4 8. Bxc4
h5 9. Nc3 Nb6 10. Bb3 Nh6 11. Qe2 Bg4 12. Rd1 h4 13. h3 Bh5 14. a4 a5 15. Ne4
Nd5 16. Be3 Nf5 17. Rac1 Qb6 18. Bxd5 exd5 19. Nd6+ Nxd6 20. exd6 Bxd6 21. Bf4+
Be7 22. Re1 Qd8 23. Qe5 Kf8 24. Qf5 Bg6 25. Qg4 Qc8 26. Ne5 Bf5 27. Qd1 Bf6 28.
Ng4 Be7 29. Ne3 Be6 30. Qf3 Qd7 31. Ng4 f6 32. Re2 Bf7 33. Qd3 Re8 34. Rec2 Be6
35. Ne3 Kf7 36. Re2 Bb4 37. f3 Re7 38. Ng4 Bf5 39. Rxe7+ Bxe7 40. Qd1 Qd8 41.
Qb3 Bb4 42. Ne3 Qd7 43. Nc2 Be7 44. Qc3 Ra8 45. Qe1 g5 46. Bd2 Bd6 47. Qf1 Bc7
48. Ne3 Be6 49. Qd3 Kg7 50. Re1 Re8 51. Nf1 Bf5 52. Qb3 Rxe1 53. Bxe1 b6 54.
Qc3 Bg6 55. Bd2 Kf7 56. Qc1 Qd6 57. Qc3 b5 58. axb5 cxb5 59. Qb3 b4 60. Be3 Qc6
61. Bf2 Bc2 62. Qe3 a4 63. Be1 Bf4 64. Qe2 b3 65. Bb4 Bd6 66. Bxd6 Qxd6 67. Qb5
a3 68. bxa3 Qxa3 69. Qxd5+ Ke7 70. Qb7+ Kf8 71. Qc8+ Kf7 72. Qc4+ Kg7 73. Qc7+
Kg6 74. Qc4 Qe7 75. Kf2 Qf7 76. Qc3 Qb7 77. Ne3 Bf5 78. Qb2 Bd3 79. d5 Kf7 80.
d6 Ke6 81. d7 Kxd7 82. Qd4+ Ke7 83. Qxd3 b2 84. Qh7+ {

[Event "SC Groebenzell 1-SG Post/Sued Regensbur"]
[Site "?"]
[Date "2021.11.14"]
[Round "2.5"]
[White "Wutz, Christoph"]
[Black "Foessmeier, Ulrich Johann"]
[Result "1/2-1/2"]
[WhiteElo "2134"]
[BlackElo "2232"]
[PlyCount "81"]
[EventDate "2021.??.??"]
[WhiteTeam "SG Post/Süd Regensburg 1"]
[BlackTeam "SC Gröbenzell 1"]

1. e4 e5 2. Nf3 Nc6 3. Bb5 a6 4. Ba4 Nf6 5. O-O Nxe4 6. d4 b5 7. Bb3 d5 8. dxe5
Be6 9. c3 Bc5 10. Qe2 O-O 11. Be3 Bxe3 12. Qxe3 Na5 13. Nbd2 Nxd2 14. Nxd2 f6
15. Rfe1 Qd7 16. Rad1 fxe5 17. Qxe5 Rae8 18. Qg3 Bg4 19. f3 Bf5 20. Re5 Nxb3
21. Nxb3 Rxe5 22. Qxe5 Re8 23. Qxd5+ Qxd5 24. Rxd5 Bb1 25. Nd4 Bxa2 26. Rc5 Re7
27. Kf2 Kf7 28. Nc6 Re8 29. Nd4 Re7 30. Rc6 Bc4 31. b4 Ke8 32. Rxa6 Kd7 33. f4
Re8 34. g4 Re4 35. Kf3 Bd5 36. Kg3 Re3+ 37. Kh4 Rxc3 38. Nxb5 Rc4 39. Ra7 Kc8
40. f5 Kb8 41. Rxc7 {

[Event "SC Groebenzell 1-SG Post/Sued Regensbur"]
[Site "?"]
[Date "2021.11.14"]
[Round "2.6"]
[White "Shahin, Walid"]
[Black "Werner, Claus"]
[Result "0-1"]
[WhiteElo "2104"]
[BlackElo "2168"]
[PlyCount "72"]
[EventDate "2021.??.??"]
[WhiteTeam "SC Gröbenzell 1"]
[BlackTeam "SG Post/Süd Regensburg 1"]

1. d4 Nf6 2. c4 g6 3. Nc3 Bg7 4. e4 d6 5. Be2 O-O 6. Be3 e5 7. d5 Na6 8. g4 Nc5
9. f3 a5 10. h4 Nfd7 11. h5 f5 12. hxg6 hxg6 13. gxf5 gxf5 14. Qc2 f4 15. Bf2
Rf7 16. O-O-O a4 17. Bf1 Nf8 18. Bh3 a3 19. b3 Na6 20. Kb1 Nh7 21. Bxc8 Rxc8
22. Bh4 Bf6 23. Bxf6 Qxf6 24. Nh3 Rg7 25. Qh2 Kf7 26. Nf2 Rcg8 27. Ng4 Rxg4 28.
fxg4 Ng5 29. Na4 Qg6 30. Nc3 Nc5 31. Kc1 Ncxe4 32. Nxe4 Nxe4 33. Qh7+ Rg7 34.
Qxg6+ Kxg6 35. Rh8 Ng3 36. Kd2 Kg5 {

[Event "SC Groebenzell 1-SG Post/Sued Regensbur"]
[Site "?"]
[Date "2021.11.14"]
[Round "2.7"]
[White "Gruber, Roland"]
[Black "Scheckenbach, Franz"]
[Result "1-0"]
[WhiteElo "2123"]
[BlackElo "2039"]
[PlyCount "69"]
[EventDate "2021.??.??"]
[WhiteTeam "SG Post/Süd Regensburg 1"]
[BlackTeam "SC Gröbenzell 1"]

1. Nf3 d5 2. c4 e6 3. b3 c5 4. cxd5 exd5 5. Bb2 Nc6 6. d4 Nf6 7. g3 cxd4 8. a3
Ne4 9. Bg2 Be7 10. O-O O-O 11. Nxd4 Bf6 12. Ra2 Re8 13. e3 Qb6 14. Nxc6 bxc6
15. Bxe4 Rxe4 16. Bxf6 gxf6 17. Nc3 Bg4 18. Qd2 Re6 19. b4 Rae8 20. Na4 Qb5 21.
Nc5 Re5 22. Nb3 Qb7 23. Nd4 a5 24. Rc2 Bd7 25. bxa5 Qc8 26. Rfc1 Rh5 27. Ne2
Re4 28. Nf4 Rh6 29. f3 Rc4 30. Rxc4 dxc4 31. a6 Qxa6 32. Qxd7 Qxa3 33. Qd2 Qc5
34. Qd4 Qe5 35. Rxc4 {

[Event "SC Groebenzell 1-SG Post/Sued Regensbur"]
[Site "?"]
[Date "2021.11.14"]
[Round "2.8"]
[White "Walter, Tobias"]
[Black "Barca, Lorenzo"]
[Result "1-0"]
[WhiteElo "2099"]
[BlackElo "1999"]
[PlyCount "83"]
[EventDate "2021.??.??"]
[WhiteTeam "SC Gröbenzell 1"]
[BlackTeam "SG Post/Süd Regensburg 1"]

1. d4 Nf6 2. Bf4 d5 3. e3 e6 4. Nd2 c5 5. c3 Be7 6. Bd3 Nc6 7. Ngf3 Nh5 8. Bg3
Nxg3 9. hxg3 h6 10. Qe2 Qb6 11. Rb1 Bd7 12. O-O O-O 13. dxc5 Bxc5 14. b4 Be7
15. b5 Na5 16. e4 Bf6 17. Rfc1 Rac8 18. c4 dxc4 19. Nxc4 Nxc4 20. Bxc4 e5 21.
a4 Rc7 22. Qa2 Qa5 23. Qb3 Bg4 24. Rc2 Rfc8 25. Rbc1 Bh5 26. Bd5 Qb6 27. Rc4
Qd6 28. a5 b6 29. Rc6 Qd8 30. axb6 axb6 31. R1c2 Bg6 32. Nd2 Be7 33. Nf3 Bd6
34. Nh4 Bh5 35. Nf5 Bc5 36. Ra2 Rxc6 37. bxc6 Ra8 38. Ra4 Rxa4 39. Qxa4 Qg5 40.
c7 Qc1+ 41. Kh2 Bxf2 42. c8=Q+ {

[Event "SK Muenchen Suedost 1-TSV Trostberg 1"]
[Site "?"]
[Date "2021.11.14"]
[Round "2.2"]
[White "Hoefelsauer, Thomas"]
[Black "Knoll, Hermann"]
[Result "1/2-1/2"]
[WhiteElo "2324"]
[BlackElo "2285"]
[PlyCount "41"]
[EventDate "2021.??.??"]
[WhiteTeam "SK München Südost 1"]
[BlackTeam "TSV Trostberg 1"]

1. Nf3 Nf6 2. c4 e6 3. g3 a6 4. Bg2 b5 5. b3 c5 6. O-O Bb7 7. Bb2 Be7 8. d3 d6
9. Nbd2 O-O 10. a3 Nbd7 11. Rc1 Rb8 12. Rc2 Qb6 13. Qa1 bxc4 14. bxc4 Bc6 15.
Rb1 Qc7 16. Bc3 Rxb1+ 17. Qxb1 Rb8 18. Rb2 Rxb2 19. Qxb2 Ne8 20. h4 Bf6 21.
Bxf6 {

[Event "SK Muenchen Suedost 1-TSV Trostberg 1"]
[Site "?"]
[Date "2021.11.14"]
[Round "2.4"]
[White "Huber, Benedikt"]
[Black "Huch, Reiner"]
[Result "1-0"]
[WhiteElo "2201"]
[BlackElo "2252"]
[PlyCount "49"]
[EventDate "2021.??.??"]
[WhiteTeam "SK München Südost 1"]
[BlackTeam "TSV Trostberg 1"]

1. d4 Nf6 2. c4 e6 3. Nc3 Bb4 4. f3 c5 5. d5 O-O 6. e4 d6 7. Nge2 b5 8. Nf4 e5
9. Nfe2 bxc4 10. g4 Ne8 11. Ng3 Qh4 12. Be3 Ba5 13. Qd2 Bd8 14. O-O-O h6 15.
Re1 Bg5 16. Nd1 Na6 17. Bxc4 Nac7 18. Bxg5 Qxg5 19. Ne3 Rb8 20. h4 Qf4 21. Qf2
g6 22. g5 hxg5 23. hxg5 Qxg5 24. Reg1 Ng7 25. Ngf5 {

[Event "SK Muenchen Suedost 1-TSV Trostberg 1"]
[Site "?"]
[Date "2021.11.14"]
[Round "2.5"]
[White "Kern, Johannes"]
[Black "Xiong, Ferdinand"]
[Result "0-1"]
[WhiteElo "2184"]
[BlackElo "2242"]
[PlyCount "102"]
[EventDate "2021.??.??"]
[WhiteTeam "TSV Trostberg 1"]
[BlackTeam "SK München Südost 1"]

1. e4 c5 2. Nf3 d6 3. Be2 Nf6 4. d3 Nc6 5. O-O g6 6. h3 Bg7 7. Be3 O-O 8. Nbd2
b6 9. c3 d5 10. e5 Ne8 11. d4 Nc7 12. dxc5 bxc5 13. Bxc5 Nxe5 14. Nxe5 Bxe5 15.
Re1 Ne6 16. Ba3 Rb8 17. Bf3 Bd6 18. Bxd6 Qxd6 19. Nb3 Rd8 20. Qd2 Ba6 21. Rad1
Bc4 22. Nc1 d4 23. b3 Ba6 24. c4 Bb7 25. Bxb7 Rxb7 26. Nd3 Nc5 27. Qa5 Nxd3 28.
Rxd3 f6 29. Re6 Qc7 30. Qxc7 Rxc7 31. f4 a5 32. Kf2 Kf7 33. Ra6 Rc5 34. Kf3 g5
35. g4 gxf4 36. Kxf4 Re5 37. Ra7 Re1 38. c5 Kg6 39. c6 e5+ 40. Kg3 Rc8 41. c7
Rc1 42. Kf3 R8xc7 43. Rxc7 Rxc7 44. Ke4 Rc2 45. a3 Ra2 46. a4 Re2+ 47. Kf3 Re1
48. Kf2 Rh1 49. b4 axb4 50. Rb3 Kg5 51. Rxb4 Rxh3 {

[Event "SK Muenchen Suedost 1-TSV Trostberg 1"]
[Site "?"]
[Date "2021.11.14"]
[Round "2.6"]
[White "Leeb, Simon"]
[Black "Sabljov, Stevan"]
[Result "1-0"]
[WhiteElo "2230"]
[BlackElo "2013"]
[PlyCount "71"]
[EventDate "2021.??.??"]
[WhiteTeam "SK München Südost 1"]
[BlackTeam "TSV Trostberg 1"]

1. d4 c5 2. d5 e5 3. e4 d6 4. Nc3 g6 5. h4 h5 6. Bg5 Be7 7. Bb5+ Bd7 8. Nh3
Bxb5 9. Nxb5 a6 10. Nc3 b5 11. O-O Nd7 12. Qe2 Ngf6 13. a4 b4 14. Nb1 Nh7 15.
Qe3 Nxg5 16. hxg5 f5 17. exf5 gxf5 18. Qf3 f4 19. g6 Bf6 20. Nd2 Qe7 21. Rae1
O-O-O 22. Qd3 Kb7 23. Nxf4 Rdg8 24. Nc4 Nf8 25. c3 Rh6 26. Na5+ Kb6 27. cxb4
Nxg6 28. Ne6 Nh4 29. Nc6 Qh7 30. bxc5+ Kb7 31. Qb3+ Kc8 32. Qb8+ Kd7 33. Qxd6+
Kc8 34. Nf8 Qc7 35. Qe6+ Kb7 36. Qxg8 {

[Event "SK Muenchen Suedost 1-TSV Trostberg 1"]
[Site "?"]
[Date "2021.11.14"]
[Round "2.7"]
[White "Huber, Hans"]
[Black "Lohvinov, Petro"]
[Result "1/2-1/2"]
[WhiteElo "1881"]
[BlackElo "2178"]
[PlyCount "44"]
[EventDate "2021.??.??"]
[WhiteTeam "TSV Trostberg 1"]
[BlackTeam "SK München Südost 1"]

1. Nf3 Nf6 2. c4 e6 3. g3 d5 4. Bg2 d4 5. d3 c5 6. O-O Nc6 7. e3 Bd6 8. exd4
cxd4 9. a3 a5 10. b3 O-O 11. Nbd2 e5 12. Qe2 Re8 13. Re1 h6 14. Bb2 Bf5 15. Nh4
Bh7 16. Ne4 Be7 17. Nf3 Kh8 {dxe4 Kxh8} 18. Red1 Qd7 19. Ne1 b5 20. cxb5 Na7 {
Kxh8 Qxb5 Qxb5 Nxb5 Kxh8} 21. Nc3 {Bxc3} dxc3 22. Nc2 {Rd8 b4 axb4 axb4 Nd7
Kxh8 Nb6 Bh3+ Rb8 Bf1 Bg5+ Kxh8 Rc8+ Ra7 Bd2+ Kxh8 Ra8+ Rxa8+ Nxa8+ b5 Kb8+}
Bxd3 {Nb6+ Kxh8 Kxh8+ Kxh8 Kxh8+ Kxh8 Nc8+

[Event "SK Muenchen Suedost 1-TSV Trostberg 1"]
[Site "?"]
[Date "2021.11.14"]
[Round "2.8"]
[White "Stadler, Andreas"]
[Black "Knorr, Lukas"]
[Result "1-0"]
[WhiteElo "2044"]
[BlackElo "1732"]
[PlyCount "34"]
[EventDate "2021.??.??"]
[WhiteTeam "SK München Südost 1"]
[BlackTeam "TSV Trostberg 1"]

1. c4 e6 2. g3 f5 3. Nc3 Nf6 4. Bg2 d5 5. d4 c6 6. Nf3 Bd6 7. O-O O-O 8. b3 Kh8
9. a4 {Kxh8 h3 Kxh8 Ne5 Nd7} Bf4 {Kxh8} 10. Qc2 a5 11. Rb1 h6 {Nd3 g5 Bxd6 Kxh8
} 12. c5 {Kxh8 b4} e5 13. e3 e4 14. Ne1 {axb4 Rxb4} b6 {Rxb6 Nxb6} 15. cxb6 {
Kxh8 Qb3 Nd7 Bf1 Kxh8 Nxd5 Kxh8 Ne7+ Kxh8 Nxf5 Ra5 Nxd6+ Kxh8 Nc4} Ra7 {
Nd2 Kxh8} 16. Nf3 exf3 {a5 Kxh8 Nxf3 Kxh8 a6 c5 dxc5 Nxc5} 17. Rd1 {Kxh8 Ne5
Kxh8 Rd4 Kxh8 Kg2} Na6 {Rd7 Kxh8 Nc4} 1-0